[Event "GER-chT Betriebe 17th"]
[White "Busse, Wolfgang"]
[Black "Hummel, Dennis"]
[Site "Berlin"]
[Round "5.2"]
[Result "1/2-1/2"]
[Date "2017.11.04"]
[WhiteElo "1841"]
[BlackElo "2029"]
[PlyCount "98"]
[EventDate "2017.11.02"]
[EventType "team-swiss"]
[EventRounds "7"]
[EventCountry "GER"]
[SourceTitle "EXT 2020"]
[Source "ChessBase"]
[SourceDate "2019.10.17"]
[SourceVersion "1"]
[SourceVersionDate "2019.10.17"]
[SourceQuality "1"]
[WhiteTeam "Berlin Vattenfall"]
[BlackTeam "Frankfurt Commerzbank"]
[WhiteTeamCountry "GER"]
[BlackTeamCountry "GER"]

1. e4 e6 2. d4 d5 3. Bd3 Nf6 4. e5 Nfd7 5. a3 c5 6. c3 Nc6 7. Ne2 Qb6 8. Bc2 cxd4 9. cxd4 f6 10. f4 Be7 11. Nbc3 a5 12. Qd3 g6 13. Rb1 fxe5 14. fxe5 Rf8 15. Rf1 Rxf1+ 16. Kxf1 Nf8 17. Be3 Bd7 18. Nf4 0-0-0 19. Na4 Qa7 20. Qb5 Nxe5 21. Nb6+ Kb8 22. Nxd7+ Nexd7 23. Bd3 Bd6 24. Ne2 Nf6 25. Bg1 N8d7 26. Nc3 Qb6 27. g3 Re8 28. Re1 Bc7 29. Nxd5 Nxd5 30. Qxd7 Rf8+ 31. Kg2 Qxb2+ 32. Re2 Qxa3 33. Be4 Nc3 34. Rc2 Nxe4 35. Qxc7+ Ka8 36. Bf2 Rxf2+ 37. Rxf2 Nxf2 38. Kxf2 Qa2+ 39. Ke3 Qd5 40. Qxh7 a4 41. Qxg6 Qb3+ 42. Qd3 Qd5 43. h4 b5 44. g4 Kb7 45. g5 Kb6 46. Qc3 Ka6 47. g6 Qh5 48. Qc8+ Ka5 49. Qc3+ Ka6 1/2-1/2

[Event "GER-chT Betriebe 16th"]
[White "Hummel, Dennis"]
[Black "Neumann, Christian"]
[Site "Dresden"]
[Round "5.3"]
[Result "1-0"]
[Date "2016.11.05"]
[WhiteElo "2029"]
[BlackElo "1945"]
[PlyCount "83"]
[EventDate "2016.11.03"]
[EventType "team-swiss"]
[EventRounds "7"]
[EventCountry "GER"]
[SourceTitle "EXT 2020"]
[Source "ChessBase"]
[SourceDate "2019.10.17"]
[SourceVersion "1"]
[SourceVersionDate "2019.10.17"]
[SourceQuality "1"]
[WhiteTeam "Frankfurt Commerzbank"]
[BlackTeam "Berlin Tempelhof"]
[WhiteTeamCountry "GER"]
[BlackTeamCountry "GER"]

1. e4 e5 2. Nc3 Bc5 3. g3 Nf6 4. Bg2 0-0 5. d3 d6 6. Be3 Bxe3 7. fxe3 c6 8. Nf3 Qb6 9. Qc1 Ng4 10. Nd1 f5 11. exf5 Bxf5 12. e4 Be6 13. h3 Nf6 14. Qe3 Qb4+ 15. c3 Qb5 16. 0-0 c5 17. d4 exd4 18. cxd4 Nc6 19. Nc3 cxd4 20. Nxd4 Qc4 21. Rad1 Nxd4 22. Qxd4 Qc5 23. Rd2 Nh5 24. g4 Rxf1+ 25. Bxf1 Nf4 26. Kh2 h5 27. Qxd6 Qxd6 28. Rxd6 hxg4 29. hxg4 Bxg4 30. Kg3 Be6 31. Kxf4 Rf8+ 32. Ke5 Bxa2 33. Bh3 Bc4 34. Bf5 b5 35. Nd5 Kh8 36. Kd4 a5 37. Nf4 Bf7 38. e5 Be8 39. Ng6+ Bxg6 40. Bxg6 Rc8 41. e6 Rc4+ 42. Kd5 1-0

[Event "Oberliga Ost-B 1112"]
[White "Hummel, Dennis"]
[Black "Haenisch, Uwe"]
[Site "Germany"]
[Round "8.6"]
[Result "0-1"]
[Date "2012.02.26"]
[WhiteElo "2052"]
[BlackElo "2178"]
[PlyCount "56"]
[EventDate "2011.10.02"]
[EventType "team-tourn"]
[EventRounds "11"]
[EventCountry "GER"]
[SourceTitle "EXT 2013"]
[Source "ChessBase"]
[SourceDate "2012.11.22"]
[SourceVersion "1"]
[SourceVersionDate "2012.11.22"]
[SourceQuality "1"]
[WhiteTeam "Neuberg"]
[BlackTeam "Kassel"]
[WhiteTeamCountry "GER"]
[BlackTeamCountry "GER"]

1. g3 g6 2. Bg2 Bg7 3. d3 e5 4. e4 Ne7 5. f4 exf4 6. gxf4 d5 7. Qf3 dxe4 8. dxe4 c6 9. Ne2 Be6 10. Nbc3 Na6 11. a3 Qb6 12. Rb1 0-0 13. Be3 Qc7 14. 0-0 Rad8 15. Rfd1 Rxd1+ 16. Rxd1 Rd8 17. Nd4 Bc8 18. Bf1 Nc5 19. Ndb5 cxb5 20. Nxb5 Qb6 21. Rxd8+ Qxd8 22. Bxc5 Nc6 23. e5 g5 24. Nd6 gxf4 25. Qxf4 Nxe5 26. Bc4 Qc7 27. b4 Nxc4 28. Nxc4 Qxf4 0-1

[Event "Oberliga Ost-B 1112"]
[White "Heppner, Ernst"]
[Black "Hummel, Dennis"]
[Site "Germany"]
[Round "6.5"]
[Result "1/2-1/2"]
[Date "2012.01.14"]
[WhiteElo "2170"]
[BlackElo "2052"]
[PlyCount "94"]
[EventDate "2011.10.02"]
[EventType "team-tourn"]
[EventRounds "11"]
[EventCountry "GER"]
[SourceTitle "EXT 2013"]
[Source "ChessBase"]
[SourceDate "2012.11.22"]
[SourceVersion "1"]
[SourceVersionDate "2012.11.22"]
[SourceQuality "1"]
[WhiteTeam "Offenbach"]
[BlackTeam "Neuberg"]
[WhiteTeamCountry "GER"]
[BlackTeamCountry "GER"]

1. d4 Nf6 2. c4 e6 3. Nc3 Bb4 4. Qc2 b6 5. Bg5 0-0 6. e3 Bb7 7. Nf3 d6 8. Bd3 h6 9. Bh4 Nbd7 10. 0-0 Bxc3 11. bxc3 Qe7 12. e4 e5 13. Rae1 Rfe8 14. Nd2 Nf8 15. f3 Ng6 16. Bf2 Nh5 17. Be3 Ngf4 18. Rf2 Kh8 19. Bf1 Bc8 20. g3 Nh3+ 21. Bxh3 Bxh3 22. Kh1 g5 23. g4 Nf4 24. Rg1 h5 25. Rg3 h4 26. Rg1 Bg2+ 27. Rgxg2 Nxg2 28. Kxg2 c5 29. Nf1 Rec8 30. Qd3 f6 31. Bc1 Rd8 32. Ne3 Rab8 33. Rd2 Kh7 34. h3 Kh8 35. Qc2 Rd7 36. Bb2 Rbd8 37. Qa4 Qf7 38. Qb5 Qe8 39. a4 Rb7 40. Qb3 Rdd7 41. Qd1 Qe6 42. Qe2 Kh7 43. Qd1 Kg6 44. Qe2 Kh7 45. Bc1 Kg6 46. Nd5 Qe8 47. Qd1 Qd8 1/2-1/2

[Event "Hessen-ch Gr-A+B 65th"]
[White "Hummel, Dennis"]
[Black "Will, Patrick"]
[Site "Gladenbach"]
[Round "2"]
[Result "1-0"]
[Date "2011.04.21"]
[WhiteElo "2015"]
[BlackElo "1984"]
[PlyCount "87"]
[EventDate "2011.04.20"]
[EventType "swiss"]
[EventRounds "7"]
[EventCountry "GER"]
[SourceTitle "CBM 142 Extra"]
[Source "ChessBase"]
[SourceDate "2011.06.27"]
[SourceVersion "1"]
[SourceVersionDate "2011.06.27"]
[SourceQuality "1"]

1. f4 g6 2. Nf3 Bg7 3. e4 d6 4. g3 c5 5. Bg2 Nc6 6. 0-0 Nf6 7. d3 0-0 8. c3 Rb8 9. h3 b5 10. Be3 Qc7 11. Nbd2 b4 12. g4 bxc3 13. bxc3 Ba6 14. Qc2 Nd7 15. Rfb1 Qa5 16. Rxb8 Rxb8 17. Rc1 Qa3 18. Nb3 Na5 19. Nfd2 Bxd3 20. Qxd3 Nxb3 21. Nxb3 Qxa2 22. Nd2 Qa3 23. Nc4 Qa4 24. Bf3 Qb5 25. Be2 Nb6 26. Rb1 Qa6 27. Nxb6 Qxd3 28. Bxd3 Rxb6 29. Rxb6 axb6 30. c4 Kf8 31. Kf2 Ke8 32. Bc2 e6 33. Ke2 Kd7 34. Ba4+ Kd8 35. Kd3 f5 36. Bf2 Bf6 37. Be1 h6 38. exf5 gxf5 39. gxf5 exf5 40. Bc3 Ke7 41. Bxf6+ Kxf6 42. Ke3 Ke6 43. Bc6 h5 44. h4 1-0

[Event "Hessen-ch Gr-A+B 65th"]
[White "Koch, Markus"]
[Black "Hummel, Dennis"]
[Site "Gladenbach"]
[Round "1"]
[Result "0-1"]
[Date "2011.04.20"]
[WhiteElo "2072"]
[BlackElo "2015"]
[PlyCount "54"]
[EventDate "2011.04.20"]
[EventType "swiss"]
[EventRounds "7"]
[EventCountry "GER"]
[SourceTitle "CBM 142 Extra"]
[Source "ChessBase"]
[SourceDate "2011.06.27"]
[SourceVersion "1"]
[SourceVersionDate "2011.06.27"]
[SourceQuality "1"]

1. d4 e6 2. c4 Nf6 3. Nc3 Bb4 4. Qc2 c5 5. dxc5 Nc6 6. Nf3 Bxc5 7. Bg5 0-0 8. e3 b6 9. Be2 Bb7 10. 0-0 d5 11. Rfd1 Qe7 12. cxd5 Nb4 13. Qb1 Nbxd5 14. Ne4 Rac8 15. Ne5 h6 16. Nxf6+ gxf6 17. Bh4 Qc7 18. Ng4 f5 19. Nxh6+ Kg7 20. Nxf5+ exf5 21. Rxd5 Bxd5 22. Qxf5 Qc6 23. Bd3 Rg8 24. e4 Be6 25. Qh5 Kf8 26. b4 Bg4 27. Qe5 Qd6 0-1

[Event "GER-chT U20"]
[White "Hummel, Dennis"]
[Black "Braeutigam, Markus"]
[Site "Osnabrueck"]
[Round "3.3"]
[Result "1-0"]
[Date "2010.12.28"]
[WhiteElo "1903"]
[BlackElo "1753"]
[PlyCount "63"]
[EventDate "2010.12.27"]
[EventType "team-swiss"]
[EventRounds "7"]
[EventCountry "GER"]
[SourceTitle "CBM 140 Extra"]
[Source "ChessBase"]
[SourceDate "2011.03.01"]
[SourceVersion "1"]
[SourceVersionDate "2011.03.01"]
[SourceQuality "1"]
[WhiteTeam "Neuberg"]
[BlackTeam "Kelheim"]
[WhiteTeamCountry "GER"]
[BlackTeamCountry "GER"]

1. e4 c5 2. Nc3 Nc6 3. g3 g6 4. Bg2 Bg7 5. f4 d6 6. Nf3 e6 7. 0-0 Nge7 8. d3 0-0 9. Be3 b6 10. d4 Bb7 11. Ne2 Qc7 12. c3 Na5 13. Nd2 Rac8 14. dxc5 dxc5 15. Qc2 Rfd8 16. Rad1 Ba6 17. Rfe1 Rd3 18. Nc1 Rd7 19. e5 Rcd8 20. b3 Nf5 21. Bf2 g5 22. Ne4 gxf4 23. gxf4 Bb7 24. Ne2 Nc6 25. N2g3 Nxg3 26. Bxg3 Ne7 27. Bh4 Rxd1 28. Rxd1 Rxd1+ 29. Qxd1 Nd5 30. Nf6+ Nxf6 31. Bxf6 Bxg2 32. Qg4 1-0

[Event "Karl Mala Memorial op 13th"]
[White "Hummel, Dennis"]
[Black "Hild, Roman"]
[Site "Frankfurt"]
[Round "6"]
[Result "0-1"]
[Date "2010.07.11"]
[WhiteElo "2020"]
[BlackElo "1846"]
[PlyCount "90"]
[EventDate "2010.07.08"]
[EventType "swiss"]
[EventRounds "7"]
[EventCountry "GER"]
[SourceTitle "EXT 2012"]
[Source "ChessBase"]
[SourceDate "2011.11.24"]
[SourceVersion "1"]
[SourceVersionDate "2011.11.24"]
[SourceQuality "1"]

1. e4 Nf6 2. Nc3 d5 3. exd5 Nxd5 4. Bc4 e6 5. Qf3 Nb6 6. Bb3 Nc6 7. Nge2 Bc5 8. Ne4 Be7 9. 0-0 0-0 10. c3 Ne5 11. Qg3 Nd3 12. Bc2 Nxc1 13. Raxc1 f5 14. Qf3 fxe4 15. Qxe4 g6 16. Nf4 Rf6 17. d4 Rxf4 18. Qxf4 Bg5 19. Qe5 Bxc1 20. Rxc1 Nd5 21. c4 Nb4 22. Be4 Nc6 23. Bxc6 bxc6 24. Rc3 Qd6 25. Qf6 e5 26. Qxe5 Qxe5 27. dxe5 Be6 28. f3 Rd8 29. Ra3 Rd1+ 30. Kf2 Rd2+ 31. Kg3 Rxb2 32. Rxa7 Bxc4 33. a4 Ra2 34. Rxc7 Bd5 35. Ra7 c5 36. Kf4 Rxg2 37. Rc7 c4 38. Rc5 Be6 39. h4 Ra2 40. a5 c3 41. Kg5 c2 42. f4 Bf5 43. e6 Rxa5 44. Rxa5 c1Q 45. Ra8+ Kg7 0-1

[Event "Karl Mala Memorial op 13th"]
[White "Hummel, Dennis"]
[Black "Kurka, Dieter"]
[Site "Frankfurt"]
[Round "4"]
[Result "1-0"]
[Date "2010.07.10"]
[WhiteElo "2020"]
[BlackElo "1863"]
[PlyCount "47"]
[EventDate "2010.07.08"]
[EventType "swiss"]
[EventRounds "7"]
[EventCountry "GER"]
[SourceTitle "EXT 2012"]
[Source "ChessBase"]
[SourceDate "2011.11.24"]
[SourceVersion "1"]
[SourceVersionDate "2011.11.24"]
[SourceQuality "1"]

1. e4 c5 2. Nc3 e6 3. g3 Nc6 4. Bg2 a6 5. f4 d6 6. Nf3 Nge7 7. d3 Nd4 8. Be3 Nec6 9. 0-0 g6 10. Ne2 Bg7 11. c3 Nxf3+ 12. Bxf3 0-0 13. Qd2 Qe7 14. Rae1 Bd7 15. f5 exf5 16. Nf4 Ne5 17. Nd5 Qd8 18. Bg2 c4 19. Bb6 Qe8 20. exf5 cxd3 21. f6 Bc6 22. fxg7 Kxg7 23. Bd4 Bxd5 24. Bxd5 1-0

[Event "GER-chT U20"]
[White "Strathoff, Martin"]
[Black "Hummel, Dennis"]
[Site "Chemnitz"]
[Round "6.4"]
[Result "1-0"]
[Date "2009.12.29"]
[WhiteElo "2047"]
[BlackElo "2031"]
[PlyCount "47"]
[EventDate "2009.12.27"]
[EventType "team-swiss"]
[EventRounds "7"]
[EventCountry "GER"]
[SourceTitle "EXT 2022"]
[Source "ChessBase"]
[SourceDate "2021.10.06"]
[SourceVersion "1"]
[SourceVersionDate "2021.10.06"]
[SourceQuality "1"]
[WhiteTeam "Brackel SF U20"]
[BlackTeam "Neuberg U20"]
[WhiteTeamCountry "GER"]
[BlackTeamCountry "GER"]

1. d4 Nf6 2. c4 e6 3. Nc3 Bb4 4. Bg5 b6 5. e4 d6 6. Qa4+ Nc6 7. Qxc6+ Bd7 8. Qb7 Rb8 9. Qa6 h6 10. Bxf6 Qxf6 11. Nf3 g5 12. e5 Qf5 13. 0-0-0 g4 14. Nd2 dxe5 15. dxe5 Qxe5 16. Kc2 Bxc3 17. bxc3 Qf5+ 18. Bd3 Qxf2 19. Rhe1 Qxg2 20. Re2 Qc6 21. Rg1 h5 22. Ne4 e5 23. Qb5 f5 24. Qxe5+ 1-0

[Event "Leipzig VfB op 16th"]
[White "Schindler, Christian"]
[Black "Hummel, Dennis"]
[Site "Leipzig"]
[Round "7"]
[Result "1/2-1/2"]
[Date "2009.04.04"]
[WhiteElo "2142"]
[BlackElo "1973"]
[PlyCount "40"]
[EventDate "2009.03.31"]
[EventType "swiss"]
[EventRounds "9"]
[EventCountry "GER"]
[SourceTitle "EXT 2010"]
[Source "ChessBase"]
[SourceDate "2010.11.25"]
[SourceVersion "1"]
[SourceVersionDate "2010.11.25"]
[SourceQuality "1"]

1. c4 c5 2. Nc3 g6 3. g3 Bg7 4. Bg2 Nc6 5. Nf3 Nf6 6. 0-0 0-0 7. a3 d5 8. cxd5 Nxd5 9. Nxd5 Qxd5 10. d3 Qd6 11. Rb1 Bf5 12. b3 Rac8 13. Bb2 e5 14. Nd2 Rfd8 15. Rc1 Qe7 16. Qc2 Nd4 17. Bxd4 cxd4 18. Qb2 Bh6 19. b4 Be6 20. h4 b6 1/2-1/2

[Event "Leipzig VfB op 16th"]
[White "Hummel, Dennis"]
[Black "Bulano, Alexander"]
[Site "Leipzig"]
[Round "5"]
[Result "1-0"]
[Date "2009.04.02"]
[WhiteElo "1973"]
[BlackElo "1816"]
[PlyCount "81"]
[EventDate "2009.03.31"]
[EventType "swiss"]
[EventRounds "9"]
[EventCountry "GER"]
[SourceTitle "EXT 2010"]
[Source "ChessBase"]
[SourceDate "2010.11.25"]
[SourceVersion "1"]
[SourceVersionDate "2010.11.25"]
[SourceQuality "1"]

1. e4 b6 2. Nc3 Bb7 3. f4 e6 4. Nf3 d6 5. g3 Nd7 6. Bg2 g6 7. 0-0 Bg7 8. d3 Ne7 9. Re1 0-0 10. Be3 Nf6 11. h3 a6 12. Qd2 Rc8 13. Rad1 Kh8 14. Bf2 Nc6 15. g4 d5 16. Bh4 d4 17. Ne2 Qd7 18. Bf2 Ng8 19. e5 Rcd8 20. Nfxd4 Nxd4 21. Bxb7 Nxe2+ 22. Qxe2 Qa4 23. Be4 Qb4 24. c3 Qe7 25. d4 f5 26. gxf5 gxf5 27. Bc2 Bh6 28. Qf3 Rf7 29. Kh2 Qf8 30. Bb3 Qe7 31. Rg1 Rg7 32. c4 a5 33. Rxg7 Kxg7 34. a3 Kh8 35. d5 exd5 36. cxd5 Bg7 37. Qh5 Rf8 38. Bc2 Bxe5 39. fxe5 Qxe5+ 40. Kh1 Qxb2 41. Bd4+ 1-0

[Event "Leipzig VfB op 16th"]
[White "Nabavi, Parwis"]
[Black "Hummel, Dennis"]
[Site "Leipzig"]
[Round "4"]
[Result "1-0"]
[Date "2009.04.02"]
[WhiteElo "2113"]
[BlackElo "1973"]
[PlyCount "77"]
[EventDate "2009.03.31"]
[EventType "swiss"]
[EventRounds "9"]
[EventCountry "GER"]
[SourceTitle "EXT 2010"]
[Source "ChessBase"]
[SourceDate "2010.11.25"]
[SourceVersion "1"]
[SourceVersionDate "2010.11.25"]
[SourceQuality "1"]

1. d4 d5 2. c4 e6 3. Nc3 Nf6 4. cxd5 exd5 5. Bg5 c6 6. e3 Bd6 7. Bd3 0-0 8. Qc2 h6 9. Bh4 Re8 10. Nge2 Nbd7 11. 0-0 Nf8 12. Rab1 Bxh2+ 13. Kxh2 Ng4+ 14. Kg3 Qd6+ 15. Nf4 g5 16. Bf5 gxf4+ 17. Kxg4 Qg6+ 18. Kxf4 Bxf5 19. Qxf5 Ne6+ 20. Qxe6 fxe6 21. g4 Kh7 22. f3 Qd3 23. Rbe1 Qc4 24. Kg3 c5 25. Bf6 b5 26. Rf2 Kg6 27. Be5 cxd4 28. exd4 Rf8 29. a3 Rf7 30. Ne2 Qc6 31. Rc1 Qd7 32. Nf4+ Rxf4 33. Bxf4 Rc8 34. Rh1 Rh8 35. Rc2 Rh7 36. Rhc1 Qe8 37. Rc8 Qe7 38. R1c7 Qf6 39. Rg8+ 1-0

[Event "GER-chT U20"]
[White "Hummel, Dennis"]
[Black "Brueggemann, Florian"]
[Site "Arendsee"]
[Round "5.3"]
[Result "0-1"]
[Date "2008.12.29"]
[WhiteElo "1814"]
[BlackElo "1960"]
[PlyCount "76"]
[EventDate "2008.12.27"]
[EventType "team-swiss"]
[EventRounds "7"]
[EventCountry "GER"]
[SourceTitle "CBM 128 Extra"]
[Source "ChessBase"]
[SourceDate "2009.03.05"]
[SourceVersion "2"]
[SourceVersionDate "2009.03.25"]
[SourceQuality "1"]
[WhiteTeam "Neuberg"]
[BlackTeam "Magdeburg Aufbau Elbe"]
[WhiteTeamCountry "GER"]
[BlackTeamCountry "GER"]

1. e4 e6 2. d4 d5 3. Nd2 Nf6 4. e5 Nfd7 5. Bd3 c5 6. c3 Nc6 7. Ne2 cxd4 8. cxd4 Qb6 9. Nf3 f6 10. exf6 Nxf6 11. 0-0 Bd6 12. Bd2 0-0 13. Bc3 Bd7 14. Ng3 Rae8 15. Ne5 Ne7 16. Qc2 Bb5 17. Rae1 Bxd3 18. Qxd3 Nc6 19. Re2 Bxe5 20. dxe5 Nd7 21. Kh1 Rf7 22. f4 g6 23. Ref2 Nc5 24. Qd2 Qd8 25. Rf3 a5 26. b4 Ne4 27. Nxe4 dxe4 28. R3f2 axb4 29. Bxb4 e3 30. Qxe3 Nxb4 31. Qb3 Nd5 32. Qh3 Qb6 33. Qd3 Ref8 34. g3 Ne3 35. Rb1 Qc5 36. Rf3 Ng4 37. Kg2 Nxe5 38. Qc3 Qd5 0-1